| 000 | 00872nam a2200253Ia 4500 | ||
|---|---|---|---|
| 003 | OSt | ||
| 005 | 20220926012258.0 | ||
| 006 | a|||||r|||| 00| 0 | ||
| 007 | ta | ||
| 008 | 220923b |||||||| |||| 00| 0 eng d | ||
| 020 |
_a0521672813 _c318.75 |
||
| 037 |
_b368, 27/03/2008, Bharatiya Sahitya Bhavana _cGeneral Book |
||
| 040 |
_aRTL _cRTL _beng |
||
| 041 |
_2eng _aeng |
||
| 082 | _aV2:91:g(Y:4582), P4 | ||
| 100 | _aWilkinson Steven I | ||
| 245 | 0 |
_aVotes and violence _b Electoral competition and communal riots in India |
|
| 260 |
_aNew York _bCambridge University Press _c2004 |
||
| 300 |
_axiii, 293p _ccm. |
||
| 500 | _aBibliography : P283-293; Appedix: P 243-282 | ||
| 650 | _aSociology | ||
| 942 |
_hV2:91:g(Y:4582), P4 _cGB _2CC |
||
| 999 |
_c622333 _d622333 |
||